000 01027nas a2200325 4500
001 BR2016001467
003 BR-BrBNA
005 20231205130246.0
007 ta
008 230509b bl.|||p| |||| 00| 00por d
040 _aBR-BrBNA
_bpor
_cBiblioteca Nacional de Agricultura
041 _a(Pt)
072 _aK10; F08
100 1 _aVirgulino, A.P.
100 1 _aSantos, J.S. dos
100 1 _aCorrêa, F.L. de O.
100 1 _aMüller, M.W.
245 1 _aAnálise do valor produtivo de espécies florestais em um sistema agroflorestal, Rondônia, Brasil
650 _aÁRVORE FLORESTAL
650 _aPRÁTICA CULTURAL
650 _aAGROSSILVICULTURA
650 _aDESENVOLVIMENTO SUSTENTÁVEL
650 _aPRODUÇÃO FLORESTAL
650 _aMODELO MATEMÁTICO
650 _aRONDÔNIA
773 0 _tAgrotrópica (Brazil)
_xISSN 0103-3816
_g(Mai-Aug 2015), v. 27(2) p. 167-172
_wBR2016001467
856 4 0 _dLink DSPACE/MAPA BR2016001467
909 _a202311
_bLúcia
_c55
_dLúcia Elande
942 _2AGRIS
_n0
_cANA
999 _c248503
_d248503